|
|
|
|
| LEADER |
00977nam a2200277 a 4500 |
| 001 |
c000385566 |
| 003 |
CARM |
| 005 |
00000000000000.0 |
| 008 |
810626s1981 paua b 00110 eng |
| 019 |
1 |
|
|a 2057927
|5 LACONCORD2021
|
| 020 |
|
|
|a 0830611509 :
|c $29.95
|
| 035 |
|
|
|a (OCoLC)7614379
|5 LACONCORD2021
|
| 040 |
|
|
|a VDU
|c VDU
|
| 050 |
0 |
0 |
|a QD53
|b .K63
|
| 082 |
0 |
4 |
|a 543.07
|2 19
|
| 100 |
1 |
|
|a Khandpur, Raghbir Singh,
|d 1942-
|
| 245 |
1 |
0 |
|a Handbook of modern analytical instruments /
|c by Raghbir Singh Khandpur.
|
| 250 |
|
|
|a 1st ed.
|
| 260 |
|
|
|a Blue Ridge Summit, Pa. :
|b Tab Books,
|c c1981.
|
| 300 |
|
|
|a 588 p. :
|b ill. ;
|c 22 cm.
|
| 500 |
|
|
|a Includes index.
|
| 504 |
|
|
|a Bibliography: p.569-584.
|
| 650 |
|
0 |
|a Chemical apparatus.
|
| 852 |
8 |
|
|b CARM
|h A3:AD30A0
|i B11648
|p 0477087
|f BK
|
| 999 |
f |
f |
|i c4341118-c041-51a6-b5b9-f5e87c7647f0
|s 989152c1-f5d0-51da-ad26-021a058185c4
|
| 952 |
f |
f |
|p Can circulate
|a CAVAL
|b CAVAL
|c CAVAL
|d CARM 1 Store
|e B11648
|f A3:AD30A0
|h Other scheme
|i book
|m 0477087
|